| 000 | 00460nam a2200145 i 4500 | ||
|---|---|---|---|
| 001 | 37628 | ||
| 003 | ES-MaACL | ||
| 007 | t| | ||
| 008 | 030221s1971 xxu ||||1| eng d | ||
| 100 | 1 |
_aBurden, Ernst. _932592 |
|
| 245 | 1 | 0 |
_aArchitectural delineation _b: a photographic approach to presention / _cErnst Burden. |
| 260 |
_aNew York, etc. : _bMcGraw-Hill, _c[1971] |
||
| 300 |
_aVII, 310 p., 144 lám. : _bil. ; _c29 cm. |
||
| 852 |
_aES-MaACL _jE-5741 _bR.89784 |
||
| 999 |
_c37628 _d37628 |
||